1064 1108 1397 1033 1679 1234 1751 1358 1706 1576 1724 1524 1437 1015 1394 1541 1480 1216 1290 1554 1963 1492 1991 1704 1070 1080 1489 1149 1182 1806 1627 1035 1996 1983 1502 1254 1323 1178 1596 1011 1161 1461 1697 1575 1775 1456 1728 1508 1744 1008 1026 1710 1008 1665 1770 1271 1768 1580 1343 1344 1536 1520 1292 1988 1518 1281 1259 1895 1879 1873 1235 1579 1877 1468 1314 1338 1613 1114 1886 1942 1098 1949 1213 1626 1402 1740 1642 1640 1477 1739 1921 1642 1935 1439 1859 1225 1604 1314 1016 BCNSPRNW ULIB Ver.6.0+V

เปลี่ยนเป็นภาษาไทย

Change to English
 แสดงรายละเอียดบรรณานุกรม
  กลับหน้าหลัก

Brief Record : Get Marc (ISO 2709) : E-mail record : QR code < ปิดหน้าต่าง
LEADER : 00000nam 2200000uu 4500
001    13399108061
003     ULIB
008    110216s2552||||th 000 0 tha d
020    9789741112562 ล.2
060 04 WY159^bต3672552 ล. 2
245 00 ตำราการพยาบาลเด็ก เล่ม 2 /^cโดยคณาจารย์ภาควิชาการพยาบาลกุมารเวชศาสตร์ คณะพยาบาลศาสตร์ มหาวิทยาลัยมหิดล ; บุญเพียร จันทวัฒนา ... [และคนอื่นๆ]
250    พิมพ์ครั้งที่ 1 (ฉบับปรับปรุงครั้งที่ 1)
260    กรุงเทพฯ :^bภาควิชาการพยาบาลกุมารเวชศาสตร์ คณะพยาบาลศาสตร์มหาวิทยาลัยมหิดล,^c2552
300    2 เล่ม. 633หน้า :^bภาพประกอบ ;^c30 ซม.
650  7 การพยาบาลกุมารเวชศาสตร์
650  7 การพยาบาลเด็ก
700 0  บุญเพียร จันทวัฒนา,^eบรรณาธิการ
710 2  มหาวิทยาลัยมหิดล. ^bคณะพยาบาลศาสตร์.^bภาควิชาการพยาบาลกุมารเวชศาสตร์
945    ^p400^l0^i025837
945    ^p400^l0^i025836
945    ^p400^l0^i025835
945    ^p400^l0^i025834
945    ^p400^l0^i025832
945    ^p400^l0^i025833
995    เกษร
999 ^a ใช้งานได้ทุกระบบ
รายการนี้ยังไม่มีแท็ก
คุณยังไม่ได้ล็อกอิน คุณสามารถมีกิจกรรมร่วมกับเว็บไซต์ได้ แต่ต้องล็อกอินก่อน ::
  ล็อกอิน

รายการสื่อสารสนเทศ

ลำดับที่ ประเภท เลขเรียก/บาร์โค้ด สถานที่ สถานะ
1. วิทยาศาสตร์การแพทย์ และสุขภาพ
วิทยาศาสตร์การแพทย์ และสุขภาพ
WY159 ต3672552 ล. 2 ฉ.5 
  Barcode: 025836
ห้องสมุดวิทยาเขตสวรรค์ประชารักษ์
►ส่วนจัดเก็บหนังสือเก่า สปร
บนชั้น
  ขอยืม

รายการใกล้เคียง
    หัวเรื่อง [การพยาบาลกุมารเวชศาสตร์]
    หัวเรื่อง [การพยาบาลเด็ก]

BibComment


ยังไม่เคยถูกคอมเมนท์

คอมเมนท์ทรัพยากรรายการนี้
  คอมเมนท์: ตำราการพยาบาลเด็ก..


 Copyright 2026. Bcnsprnw @Library